000
00325nam a22001457a 4500
003
SGT
020
_a
9789351430063
082
_a
346..66,MAN
100
_a
MANKAR, PRACHI
245
_a
INSIGHTS INTO THE NEW COMPANY LAW
260
_a
GURGAON
_b
LEXIS NEXIS
_c
2013
300
_a
383
650
_a
COMPANY LAW
942
_2
ddc
_c
BK
999
_c
10894
_d
10894